000 00579nmm a2200181Ia 4500
008 251105s9999||||xx |||||||||||||||||und||
020 _a9789560105691
041 _aspa
100 _aSoto, Ángel
245 0 _aInternacionalismo y anticomunismo en tiempos de Gabriel González Videla
264 _a[Santiago de Chile, Chile] :
_bRil editores,
_c2018
300 _a260 páginas
650 _aHistory of the Americas: Latin America
700 _aSoto, Ángel
700 1 _a Garay, Cristián (eds.)
856 _uhttps://public.digitaliapublishing.com/a/65352
942 _cCF
999 _c71638
_d71638